01564cam a2200469 a 450000100060000000300100000600500170001600800410003301500220007402000150009603500170011103500260012803500280015403500410018204000250022304100080024804400110025607200120026708000250027908000180030408000160032211000180033824000650035624501600042125000120058126000380059330000390063149000250067050400090069565000420070465000380074665000260078465500240081070000280083470000330086270000290089570000350092470000360095970000430099570000310103883000250106923001SK-KTurca20260513140520.0240226s2002 xo ob gren 001 0 slo  aSNBA2003/11-04071 a8006011508 aSNK000403707 aurn:nbn:sk:snk-amyh23 aurn:nbn:sk:snk-am00cljp a5E8E906C-7455-4B5C-95C4-380D32419136 aSNKbslocSNKeAACR20 aslo axocSK 7a94(100) a94(100)(031)22. slo a94(100)21981 a(031)219810 aLarousse4aut14aLes grandes événements de l'histoire du mondelSlovensky10aDejiny svetacLarousse ; editori Jacques Marseille, Nadeije Laneyrie-Dagenová ; [z francúzskeho originálu preložili Zuzana Pazderová ... [et al.] a2. vyd. aBratislavabMladé letácc2002 a319 s.bfareb. fotogr., mp.c30 cm1 aZ pamäti ľudstva aReg.07asvetové dejinyxencyklopédie2SNK07aencyklopédiexdejiny sveta2SNK07asvetové dejiny2SNK 7aencyklopédie2SNK1 aMarseille, Jacques4edt1 aLaneyrie-Dagen, Nadeije4edt1 aPazderová, Zuzana4trl1 aAnettová, Alena,d1957-4trl1 aBorovská, Zuzana,d1954-4trl1 aFerenčuhová, Bohumila,d1947-4trl1 aPetruf, Pavol,d1946-4trl 0aZ pamäti ľudstva